<?xml version="1.0" encoding="UTF-8"?><record xmlns="http://www.loc.gov/MARC21/slim" xmlns:zs="http://docs.oasis-open.org/ns/search-ws/sruResponse">
  <leader>02648ckm a22005417a 4500</leader>
  <controlfield tag="001">22120913</controlfield>
  <controlfield tag="005">20250607110202.2</controlfield>
  <controlfield tag="007">kh||||</controlfield>
  <controlfield tag="007">cr |||||||||||</controlfield>
  <controlfield tag="008">210708s1942    xxunnn       ||   kneng  </controlfield>
  <datafield ind1=" " ind2=" " tag="035">
    <subfield code="a">22120913</subfield>
  </datafield>
  <datafield ind1=" " ind2=" " tag="906">
    <subfield code="a">7</subfield>
    <subfield code="b">cbc</subfield>
    <subfield code="c">orignew</subfield>
    <subfield code="d">u</subfield>
    <subfield code="e">ncip</subfield>
    <subfield code="f">20</subfield>
    <subfield code="g">y-printpho</subfield>
  </datafield>
  <datafield ind1=" " ind2=" " tag="955">
    <subfield code="a">pnpm qw09 2021-07; qw09 2021-10r; qw09 2023-02r</subfield>
  </datafield>
  <datafield ind1=" " ind2=" " tag="010">
    <subfield code="a">  2021641660</subfield>
  </datafield>
  <datafield ind1=" " ind2=" " tag="037">
    <subfield code="a">LC-DIG-ppmsca-73162</subfield>
    <subfield code="b">DLC</subfield>
    <subfield code="c">(digital file from original)</subfield>
  </datafield>
  <datafield ind1=" " ind2=" " tag="040">
    <subfield code="a">DLC</subfield>
    <subfield code="b">eng</subfield>
    <subfield code="e">dcrmg</subfield>
    <subfield code="c">DLC</subfield>
    <subfield code="d">DLC</subfield>
  </datafield>
  <datafield ind1="0" ind2="0" tag="050">
    <subfield code="a">LOT 1801</subfield>
    <subfield code="b">[item]</subfield>
  </datafield>
  <datafield ind1="1" ind2=" " tag="100">
    <subfield code="a">Albers, Clem,</subfield>
    <subfield code="e">photographer.</subfield>
  </datafield>
  <datafield ind1="1" ind2="0" tag="245">
    <subfield code="a">Lone Pine, Calif. Apr. 1942. Evacuees of Japanese ancestry arriving by train and awaiting buses for Manzanar, a War Relocation Authority center</subfield>
    <subfield code="h">[graphic].</subfield>
  </datafield>
  <datafield ind1=" " ind2=" " tag="260">
    <subfield code="c">[1 April 1942]</subfield>
  </datafield>
  <datafield ind1=" " ind2=" " tag="300">
    <subfield code="a">1 photograph :</subfield>
    <subfield code="b">gelatin silver print ;</subfield>
    <subfield code="c">mount 30 x 24 cm.</subfield>
  </datafield>
  <datafield ind1=" " ind2=" " tag="336">
    <subfield code="a">still image</subfield>
    <subfield code="b">sti</subfield>
    <subfield code="2">rdacontent</subfield>
  </datafield>
  <datafield ind1=" " ind2=" " tag="337">
    <subfield code="a">unmediated</subfield>
    <subfield code="b">n</subfield>
    <subfield code="2">rdamedia</subfield>
  </datafield>
  <datafield ind1=" " ind2=" " tag="338">
    <subfield code="a">sheet</subfield>
    <subfield code="b">nb</subfield>
    <subfield code="2">rdacarrier</subfield>
  </datafield>
  <datafield ind1=" " ind2=" " tag="500">
    <subfield code="a">Title transcribed from item.</subfield>
  </datafield>
  <datafield ind1=" " ind2=" " tag="500">
    <subfield code="a">No. A-294.</subfield>
  </datafield>
  <datafield ind1=" " ind2=" " tag="500">
    <subfield code="a">Photographer and date from negative in the National Archives.</subfield>
  </datafield>
  <datafield ind1=" " ind2=" " tag="500">
    <subfield code="a">Photograph from U.S. War Relocation Authority.</subfield>
  </datafield>
  <datafield ind1=" " ind2=" " tag="500">
    <subfield code="a">Farm Security Administration and Office of War Information Collection (Library of Congress).</subfield>
  </datafield>
  <datafield ind1="0" ind2=" " tag="520">
    <subfield code="a">Photograph shows unidentified Japanese Americans with suitcases and duffel bags at Lone Pine train station before being incarcerated at Manzanar Relocation Center, Manzanar, California, during World War II.</subfield>
  </datafield>
  <datafield ind1=" " ind2=" " tag="540">
    <subfield code="a">No known restrictions on publication.</subfield>
  </datafield>
  <datafield ind1="2" ind2="4" tag="610">
    <subfield code="a">Manzanar War Relocation Center</subfield>
    <subfield code="y">1940-1950.</subfield>
  </datafield>
  <datafield ind1="1" ind2="4" tag="610">
    <subfield code="a">United States.</subfield>
    <subfield code="b">Wartime Civil Control Administration</subfield>
    <subfield code="y">1940-1950.</subfield>
  </datafield>
  <datafield ind1=" " ind2="0" tag="650">
    <subfield code="a">Japanese Americans</subfield>
    <subfield code="x">Forced removal and internment, 1942-1945</subfield>
  </datafield>
  <datafield ind1=" " ind2="4" tag="650">
    <subfield code="a">World War, 1939-1945</subfield>
    <subfield code="x">Japanese Americans</subfield>
    <subfield code="z">California</subfield>
    <subfield code="z">Lone Pine.</subfield>
  </datafield>
  <datafield ind1=" " ind2="4" tag="650">
    <subfield code="a">Japanese Americans</subfield>
    <subfield code="x">Women</subfield>
    <subfield code="y">1940-1950.</subfield>
  </datafield>
  <datafield ind1=" " ind2="4" tag="650">
    <subfield code="a">Japanese Americans</subfield>
    <subfield code="x">Men</subfield>
    <subfield code="y">1940-1950.</subfield>
  </datafield>
  <datafield ind1=" " ind2="7" tag="650">
    <subfield code="a">Luggage</subfield>
    <subfield code="y">1940-1950.</subfield>
    <subfield code="2">lctgm</subfield>
  </datafield>
  <datafield ind1=" " ind2="7" tag="650">
    <subfield code="a">Waiting</subfield>
    <subfield code="y">1940-1950.</subfield>
    <subfield code="2">lctgm</subfield>
  </datafield>
  <datafield ind1=" " ind2="7" tag="650">
    <subfield code="a">Arrivals &amp; departures</subfield>
    <subfield code="y">1940-1950.</subfield>
    <subfield code="2">lctgm</subfield>
  </datafield>
  <datafield ind1=" " ind2="7" tag="655">
    <subfield code="a">Photographic prints</subfield>
    <subfield code="y">1940-1950.</subfield>
    <subfield code="2">gmgpc</subfield>
  </datafield>
  <datafield ind1="1" ind2=" " tag="710">
    <subfield code="a">United States.</subfield>
    <subfield code="b">War Relocation Authority.</subfield>
  </datafield>
  <datafield ind1="0" ind2=" " tag="773">
    <subfield code="t">Farm Security Administration - Office of War Information Photograph Collection (Library of Congress)</subfield>
    <subfield code="w">(DLC)  2002708960</subfield>
  </datafield>
  <datafield ind1=" " ind2=" " tag="852">
    <subfield code="a">Library of Congress</subfield>
    <subfield code="b">Prints and Photographs Division</subfield>
    <subfield code="e">Washington, D.C. 20540 USA</subfield>
    <subfield code="n">dcu</subfield>
    <subfield code="u">https://hdl.loc.gov/loc.pnp/pp.print</subfield>
  </datafield>
  <datafield ind1="4" ind2="1" tag="856">
    <subfield code="3">digital file from original</subfield>
    <subfield code="d">ppmsca</subfield>
    <subfield code="f">73162</subfield>
    <subfield code="q">p</subfield>
    <subfield code="u">https://hdl.loc.gov/loc.pnp/ppmsca.73162</subfield>
  </datafield>
  <datafield ind1=" " ind2=" " tag="985">
    <subfield code="a">pp/cph</subfield>
  </datafield>
  <datafield ind1=" " ind2=" " tag="985">
    <subfield code="a">pp/diof</subfield>
  </datafield>
  <datafield ind1=" " ind2=" " tag="991">
    <subfield code="b">c-P&amp;P</subfield>
  </datafield>
</record>
